[Rezension von: Rupert M. Scheule / Johann Ev. Hafner, Himmel Heilige [Hyperlinks]]

Gespeichert in:
Bibliographische Detailangaben
Veröffentlicht in:Kunstform 5(2004), 2
VerfasserIn: Simon, Holger (VerfasserIn)
Dokumenttyp: Online-Ressource Aufsatz
Sprache:German
Veröffentlicht: 2004
Schlagwörter:
Online Zugang:kostenfrei
Bibliogr. Hinweis:Enthalten in: Kunstform
Rezension von: Himmel, Heilige, [Hyperlinks]
Verantwortlich:rezensiert von Holger Simon
LEADER 01698caa a2200349 c 4500
001 1919830197
003 DE-627
005 20260418204426.0
007 cr uuu---uuuuu
008 250314s2004 xx |||||oo 00| ||ger c
035 |a (DE-627)1919830197 
035 |a (DE-599)KXP1919830197 
035 |a (OCoLC)1533746762 
040 |a DE-627  |b ger  |c DE-627  |e rda 
041 |a ger 
084 |a KUNST  |q DE-16  |2 fid 
100 1 |a Simon, Holger  |e VerfasserIn  |0 (DE-588)120420422  |0 (DE-627)080664121  |0 (DE-576)179061100  |4 aut 
245 1 0 |a [Rezension von: Rupert M. Scheule / Johann Ev. Hafner, Himmel Heilige [Hyperlinks]]  |c rezensiert von Holger Simon 
264 1 |c 2004 
300 |b Illustrationen 
336 |a Text  |b txt  |2 rdacontent 
337 |a Computermedien  |b c  |2 rdamedia 
338 |a Online-Ressource  |b cr  |2 rdacarrier 
655 7 |a Rezension  |0 (DE-588)4049712-4  |0 (DE-627)106186019  |0 (DE-576)209083166  |2 gnd-content 
773 0 8 |i Enthalten in  |t Kunstform  |d München : Ludwig-Maximilians-Universität München, Institut für Kunstgeschichte, 2000  |g 5(2004), 2  |h Online-Ressource  |w (DE-627)382929004  |w (DE-600)2140180-9  |w (DE-576)281244731  |x 1618-7199  |7 nnas 
773 1 8 |g volume:5  |g year:2004  |g number:2 
787 0 8 |i Rezension von  |t Himmel, Heilige, [Hyperlinks]  |d Augsburg : Haus der Bayerischen Geschichte, 2003  |h 1 CD-ROM  |w (DE-627)366718878  |w (DE-576)106791575  |z 3927233854 
856 4 0 |u https://www.arthistoricum.net/kunstform/rezension/ausgabe/2004/2/3798  |x Verlag  |z kostenfrei  |3 Volltext  |7 0 
951 |a AR 
994 |u https://www.arthistoricum.net/themen/rezensionen/kunstform/rezension/ausgabe/2004/2/3798 
991 |a Rezension (Monographie, Zeitschrift, Aufsatz) 
999 |a KXP-PPN1919830197  |e 4988394662